All 25k+ cities in Oregon with a map - Statistics

General Stats
  • This quiz has been taken 69 times
  • The average score is 17 of 26
Answers on the Map
Answers color-coded by a green-red scale on the quiz's map according to % correct below.
 
Answer Stats
City Population % Correct
Bend 99,221
97%
Eugene 177,254
97%
Portland 652,522
95%
Salem 175,473
89%
Medford 86,028
87%
Hillsboro 106,492
84%
Gresham 114,265
82%
Beaverton 97,538
79%
Albany 56,332
71%
Corvallis 59,918
71%
Grants Pass 39,191
71%
Springfield 61,875
68%
Tigard 54,830
68%
Lake Oswego 40,845
66%
Keizer 39,363
63%
Redmond 33,288
63%
Oregon City 37,585
61%
McMinnville 34,349
55%
Aloha 53,828
50%
Tualatin 27,947
42%
West Linn 27,373
39%
Woodburn 26,093
37%
Forest Grove 26,214
34%
Newberg 25,449
32%
Wilsonville 26,697
32%
Bethany 31,350
18%
No matching quizzes found
Score Distribution
Percent of People with Each Score
Percentile by Number Answered
Your Score History
You have not taken this quiz